00342pab a2200133 454500008004000000100002400040245005100064260000900115300001100124362001100135650002500146650001700171773002000188180718b2008 xxu||||| |||| 00| 0 eng d aSingh, Chandra B.P. aTransformational change in Indian universities c2008 ap.4-9. a18 Aug aUniversities - India aUniversities aUniversity News